000
00338nam a2200145Ia 4500
003
OSt
005
20240229113435.0
008
170524s9999 xx 000 0 und d
020
_a
978-9332548237
040
_c
IIMT UNIVERSITY
100
_a
Chopra Sunil
245
0
_a
Supply Chain Management
260
_a
New Delhi:PHI
942
_2
ddc
_c
01
999
_c
3048
_d
3048